[Event "GER-chT Lands U20"]
[Site "Hannover"]
[Date "2012.10.01"]
[Round "4.7"]
[White "Bernstengel, Aaron"]
[Black "Nguyen, Huy Dat"]
[Result "1/2-1/2"]
[WhiteElo "1711"]
[BlackElo "1662"]
[PlyCount "124"]
[EventDate "2012.09.29"]
[EventType "team-swiss"]
[EventRounds "7"]
[EventCountry "GER"]
[SourceTitle "CBM 150 Extra"]
[Source "ChessBase"]
[SourceDate "2012.10.19"]
[SourceVersion "1"]
[SourceVersionDate "2012.10.19"]
[SourceQuality "1"]
[WhiteTeam "Hamburg"]
[BlackTeam "Thueringen"]
[WhiteTeamCountry "GER"]
[BlackTeamCountry "GER"]

1. e4 c5 2. Nc3 Nc6 3. Bc4 g6 4. d3 Bg7 5. f4 e6 6. Nf3 Nge7 7. 0-0 0-0 8. Qe1 d5 9. Bb3 Nd4 10. Qf2 b5 11. e5 Nxf3+ 12. Qxf3 c4 13. dxc4 dxc4 14. Qxa8 Qb6+ 15. Kh1 Bb7 16. Be3 Bxa8 17. Bxb6 axb6 18. Nxb5 cxb3 19. axb3 Nd5 20. Kg1 Bh6 21. g3 g5 22. fxg5 Bxg5 23. h4 Be3+ 24. Kh2 Nb4 25. Na3 Bc5 26. c3 Nd5 27. b4 Be3 28. Nc4 b5 29. Nd6 Bc6 30. Ra6 Bd7 31. Ne4 Kg7 32. h5 f5 33. Nc5 Bxc5 34. bxc5 Rf7 35. Rd1 Ne3 36. Re1 Nc4 37. Re2 Bc8 38. Ra1 Rc7 39. b3 Rxc5 40. bxc4 bxc4 41. Ra7+ Kh6 42. Kh3 Kxh5 43. Rxh7+ Kg6 44. Rh4 Bb7 45. Rd4 Bd5 46. Re1 Kg5 47. Kh2 Rb5 48. Kg1 Ra5 49. Kf2 Rb5 50. Re3 Rb2+ 51. Re2 Rb5 52. Re3 Rb2+ 53. Ke1 Rb5 54. Kd2 Rb2+ 55. Kc1 Rb5 56. Re2 Ra5 57. Re3 Rb5 58. Kd2 Rb2+ 59. Ke1 Rb5 60. Kf2 Rb2+ 61. Re2 Rb5 62. Re3 Rb2+ 1/2-1/2

[Event "GER-chT Lands U20"]
[Site "Hannover"]
[Date "2012.10.01"]
[Round "5.7"]
[White "Schamber, Dennis"]
[Black "Bernstengel, Aaron"]
[Result "0-1"]
[WhiteElo "1355"]
[BlackElo "1711"]
[PlyCount "70"]
[EventDate "2012.09.29"]
[EventType "team-swiss"]
[EventRounds "7"]
[EventCountry "GER"]
[SourceTitle "CBM 150 Extra"]
[Source "ChessBase"]
[SourceDate "2012.10.19"]
[SourceVersion "1"]
[SourceVersionDate "2012.10.19"]
[SourceQuality "1"]
[WhiteTeam "Mecklenburg Vorpommern"]
[BlackTeam "Hamburg"]
[WhiteTeamCountry "GER"]
[BlackTeamCountry "GER"]

1. e4 e6 2. d4 d5 3. e5 c5 4. c3 Nc6 5. Nf3 Bd7 6. a3 Qc7 7. Be3 c4 8. Be2 Na5 9. Nbd2 Qb6 10. Rb1 Ne7 11. 0-0 Nf5 12. Bf4 h6 13. Qc2 g5 14. Bg3 Be7 15. Kh1 h5 16. h3 g4 17. Ng1 0-0-0 18. b4 cxb3 19. Nxb3 Ba4 20. Bd1 Bxb3 21. Qd2 Qa6 22. Bxb3 Nxb3 23. Rxb3 Qxf1 24. Kh2 Nxg3 25. fxg3 Qf5 26. Qb2 Rd7 27. Qe2 h4 28. c4 hxg3+ 29. Kxg3 Qe4 30. Re3 Qxd4 31. cxd5 Rxd5 32. Qc2+ Rc5 33. Qe2 Rc3 34. Rxc3+ Qxc3+ 35. Kh2 Bc5 0-1

[Event "GER-ch Net qual4 U14"]
[Site "Playchess.com INT"]
[Date "2012.09.12"]
[Round "2"]
[White "Bernstengel, Aaron"]
[Black "Henning, Marvin"]
[Result "1/2-1/2"]
[WhiteElo "1544"]
[BlackElo "1439"]
[PlyCount "100"]
[EventDate "2012.09.12"]
[EventType "swiss (blitz)"]
[EventRounds "7"]
[EventCountry "GER"]
[SourceTitle "CBM 150 Extra"]
[Source "ChessBase"]
[SourceDate "2012.10.19"]
[SourceVersion "1"]
[SourceVersionDate "2012.10.19"]
[SourceQuality "1"]

1. e4 c5 2. c3 Nc6 3. d4 b6 4. Nf3 e6 5. d5 Nce7 6. c4 Nf6 7. e5 Nfg8 8. d6 Nc6 9. Nc3 g6 10. Nb5 Bg7 11. Nc7+ Kf8 12. Nxa8 Bb7 13. Nc7 Nxe5 14. Nxe5 Bxe5 15. Nb5 a6 16. Nc3 Nf6 17. Bg5 h6 18. Bh4 g5 19. Bg3 Bd4 20. Rc1 b5 21. cxb5 axb5 22. Bxb5 Qa5 23. Bd3 Be4 24. Bxe4 Nxe4 25. 0-0 Nxc3 26. bxc3 Bxc3 27. Qd3 Bd4 28. Rfe1 Kg7 29. Be5+ Bxe5 30. Rxe5 Rb8 31. Rexc5 Qxa2 32. Qd4+ Kg6 33. Qe4+ f5 34. Qc2 Qa7 35. Rc7 Qd4 36. Rxd7 Rb2 37. Qxb2 Qxb2 38. Rdc7 Qd4 39. d7 Kf6 40. Kf1 Qd3+ 41. Kg1 Ke7 42. h3 h5 43. g3 Qd6 44. Kg2 Qd5+ 45. Kg1 g4 46. hxg4 fxg4 47. Kh2 Qf3 48. Kg1 Qd5 49. Kh2 Qd2 50. Kg1 Qd5 1/2-1/2

[Event "GER-chT North U14"]
[Site "Magdeburg"]
[Date "2012.09.06"]
[Round "1.1"]
[White "Bernstengel, Aaron"]
[Black "Kitze, Alexander"]
[Result "0-1"]
[WhiteElo "1688"]
[BlackElo "1932"]
[PlyCount "58"]
[EventDate "2012.09.06"]
[EventType "team-swiss"]
[EventRounds "7"]
[EventCountry "GER"]
[SourceTitle "EXT 2015"]
[Source "ChessBase"]
[SourceDate "2014.11.20"]
[SourceVersion "1"]
[SourceVersionDate "2014.11.20"]
[SourceQuality "1"]
[WhiteTeam "Hamburg Diogenes"]
[BlackTeam "Granschuetz Gruen Weiss"]
[WhiteTeamCountry "GER"]
[BlackTeamCountry "GER"]

1. e4 c5 2. Nf3 d6 3. d4 cxd4 4. Nxd4 Nf6 5. Nc3 a6 6. Bg5 e6 7. f4 Be7 8. Qf3 Qc7 9. 0-0-0 Nbd7 10. Bd3 h6 11. Bxf6 Bxf6 12. Nce2 Nc5 13. Kb1 Bd7 14. c3 0-0-0 15. Rhe1 Kb8 16. Bc2 Rc8 17. Rc1 Qb6 18. Red1 Rc7 19. h3 Rhc8 20. Rd2 g5 21. Qh5 gxf4 22. Qxh6 Bh8 23. Nxf4 Nxe4 24. Bxe4 Bxd4 25. Rxd4 Qxd4 26. Bf3 Qe3 27. Qf6 Bb5 28. Qh4 e5 29. Re1 Qxf4 0-1

[Event "Hamburg St Pauli op-B"]
[Site "Hamburg"]
[Date "2011.07.15"]
[Round "8"]
[White "Bernstengel, Aaron"]
[Black "Rosenburg, Thies"]
[Result "0-1"]
[WhiteElo "1329"]
[BlackElo "1575"]
[PlyCount "64"]
[EventDate "2011.07.09"]
[EventType "swiss"]
[EventRounds "9"]
[EventCountry "GER"]
[SourceTitle "CBM 143 Extra"]
[Source "ChessBase"]
[SourceDate "2011.08.29"]
[SourceVersion "1"]
[SourceVersionDate "2011.08.29"]
[SourceQuality "1"]

1. e4 c5 2. Nf3 d6 3. d4 cxd4 4. Nxd4 Nf6 5. Nc3 a6 6. Bg5 e6 7. f4 Nbd7 8. Qf3 Be7 9. 0-0-0 Qc7 10. Be2 b5 11. e5 Bb7 12. Qe3 dxe5 13. fxe5 Qxe5 14. Qxe5 Nxe5 15. Rhg1 0-0 16. g4 Rac8 17. a3 Bxa3 18. Ncxb5 Bxb2+ 19. Kxb2 axb5 20. Bxf6 gxf6 21. Nxb5 Ba6 22. Nd4 Rb8+ 23. Kc1 Bxe2 24. Nxe2 Rb4 25. Rg2 Rfb8 26. Nc3 Ra8 27. h3 Nf3 28. Nb1 Ra1 29. Rd8+ Kg7 30. Kd1 Raxb1+ 31. Ke2 Ne5 32. g5 f5 0-1